"Broken Man" Lyrics by St. Vincent - Statistics

General Stats
  • This quiz has been taken 10 times
  • The average score is 65 of 126
Answer Stats
Lyrics % Correct
a
100%
do
100%
I
100%
think
100%
you
100%
am
86%
broken
86%
man
86%
Who
86%
who
86%
me
71%
be
57%
hell
57%
if
57%
I'm
57%
see
57%
so
57%
the
57%
to
57%
your
57%
an
43%
are
43%
at
43%
but
43%
can
43%
come
43%
killer
43%
king
43%
kingdom
43%
looking
43%
make
43%
my
43%
On
43%
on
43%
seen
43%
sized
43%
street
43%
what
43%
arms
29%
earthquake
29%
it
29%
like
29%
little
29%
never
29%
oh
29%
one
29%
open
29%
right
29%
shakin'
29%
up
29%
well
29%
wide
29%
won't
29%
cracking
14%
down
14%
drive
14%
feet
14%
go
14%
hey,
14%
hold
14%
how
14%
lover
14%
myself
14%
nail
14%
need
14%
now
14%
yourself
14%
built
0%
could
0%
stopped
0%
tear
0%
tower
0%
No matching quizzes found
Score Distribution
Percent of People with Each Score
Percentile by Number Answered
Your Score History
You have not taken this quiz